00469nam a22001577a 450000500170000001000130001702000260003003700190005610000160007524501050009126000300019627000350022630000210026194200120028299900170029420160523143856.0 a1516EN07 c595.00a9788121924504 adplbPency/Ven aMehta, P.K. aPrinciples of Electronics:bfor B.E,/B.Tec & other Engineering exam/cby V.K.Mehta and Rohit Mehta aNew DelhibS.Chand c2015 a7361.Ram Nagar bDelhie110002 a778 pc27cm(pbk) 2ddccEN c96559d96559